| 000 -LEADER |
| fixed length control field |
00307nam a2200109Ia 4500 |
| 008 - FIXED-LENGTH DATA ELEMENTS--GENERAL INFORMATION |
| fixed length control field |
201231s9999 xx 000 0 und d |
| 100 ## - MAIN ENTRY--PERSONAL NAME |
| Personal name |
Chang,Richard Y. |
| 245 #0 - TITLE STATEMENT |
| Title |
Continuous improvement tools: A practical guide to achieve quality results |
| 260 ## - PUBLICATION, DISTRIBUTION, ETC. |
| Place of publication, distribution, etc. |
London |
| Name of publisher, distributor, etc. |
Kogan Page |
| 490 ## - SERIES STATEMENT |
| Volume/sequential designation |
Vol. 2 |
| 942 ## - ADDED ENTRY ELEMENTS (KOHA) |
| Koha item type |
Books |